Historia Polski XVI w. - Statystyki

Ogólne statystyki
  • Ten quiz został rozwiązany 225 razy
  • Średni wynik to 8 z 12
Statystyki odpowiedzi
Opis Odpowiedź % Poprawnych
Do kogo należy zdanie: „Wstrzymał Słońce, ruszył Ziemię”? Mikołaj Kopernik
93%
Gdzie została podpisana powyższa unia? Lublin
85%
W którym roku ostatni Wielki Mistrz Krzyżacki Albrecht Hohenzollern złożył hołd Zygmuntowi I Staremu w Krakowie? 1525
84%
Jak jest nazywany XVI wiek w Polsce? Złotym Wiekiem
82%
Do kogo należą słowa: „A niechaj narodowie wżdy postronni znają, iż Polacy nie gęsi, iż swój język mają”? Mikołaj Rej
74%
Jak się nazywał król za którego panowania została podpisana unia realna Polski z Litwą? Zygmunt II August
74%
Jak się nazywał Książe Siedmiogrodu, który później został królem Rzeczpospolitej, jedyny tak bardzo Moskala bił ;) Stefan Batory
73%
Jak się nazywał znany polski jezuita, teolog, pisarz i kaznodzieja? (Pisał słynne kazania) Piotr Skarga
60%
Jak się nazywał ustrój polityczny panujący w Polsce, i później w Rzeczpospolitej Obojga Narodów? Demokracja Szlachecka
52%
Jak się nazywał odłam protestantyzmu który osiedlił się w Rzeczpospolitej w XVI wieku? Arianie/Bracia Polscy
43%
Jak się nazywał akt o wolności religijnej w Rzeczpospolitej? Konfederacja Warszawska
42%
Jak się nazywał słynny polski pisarz polityczny okresu renesansu, sekretarz królewski? Andrzej Frycz Modrzewski
25%
Nie znaleziono quizów pasujących do podanych kryteriów
Rozkład punktacji
Procent ludzi z każdym wynikiem
Percentyl według liczby udzielonych odpowiedzi
Twoja historia wyników
Nie rozwiązałeś tego quizu